Frammenti.
Tallennettuna:
| Päätekijä: | |
|---|---|
| Muut tekijät: | |
| Aineistotyyppi: | Kirja |
| Julkaistu: |
Napoli, Italia:
Bibliopolis,
1991.
|
| Sarja: | La Scuola di Epicuro,
11. |
| Aiheet: | |
| Tagit: |
Lisää tagi
Ei tageja, Lisää ensimmäinen tagi!
|
MARC
| LEADER | 00000nam a22000007a 4500 | ||
|---|---|---|---|
| 003 | CL-VaPUC | ||
| 005 | 20220822114827.0 | ||
| 008 | 220805t1991 ||||| |||| 00| 0 eng d | ||
| 999 | |c 438053 |d 438051 | ||
| 020 | |a 88-7088-248-9 | ||
| 040 | |c Pontificia Universidad Católica de Valparaíso | ||
| 082 | 7 | |a 187 POL 1991 |2 22 | |
| 100 | 1 | |a Polieno |e autore |9 874954 | |
| 245 | |a Frammenti. | ||
| 260 | |a Napoli, Italia: |b Bibliopolis, |c 1991. | ||
| 300 | |a 219 páginas. | ||
| 490 | |a La Scuola di Epicuro, |v 11. | ||
| 500 | |a c.1 Donación Familia Prof. Alejandro Guzmán Brito. | ||
| 583 | |c 20220805 |k Cristina María Rojas Aguilar | ||
| 600 | |a Estratón de Lámpsaco |9 874955 | ||
| 650 | |a Filosofía griega |9 265579 | ||
| 700 | |a Tepedino Guerra, Adele |e autora |9 874956 | ||
| 942 | |2 ddc |c BK |n 0 | ||
| 952 | |0 0 |1 0 |2 ddc |4 0 |6 187_000000000000000_POL_1991 |7 0 |8 C_AGB |9 585928 |a BIBDER |b BIBDER |d 2022-08-05 |e Donación |i 5653864 |o 187 POL 1991 |p 5653864 |r 2023-01-25 |t 1 |w 2022-08-05 |y BK_US |k AGB | ||